=LDR 00000nam 2200000 4500 =001 INLIS000000000001606 =005 20130612090016 =008 ***********************************Ind** =035 ##$$0010-061300000001606 =041 ##$$a Ind =082 ##$$a 959.823 5 =090 ##$$a 959.823 5, Sur-k =100 ##$$a SURYOMIHARJO, Abdurrahman =245 ##$$a Kota Yogyakarta 1880 - 1930, Sejarah perkembangan sosial, Abdurrachman Surjomihardjo =260 ##$$a 2000 $b Yogyakarta =300 ##$$a xiii, 270 hlm, ilus, 21 cm =650 ##$$a Sejarah =650 ##$$a Kota Madya Yogyakarta =850 ##$$a NBPNMAT